000 00308nam a2200109Ia 4500
008 200302s9999 xx 000 0 und d
100 _aPyo mi Young
245 _aAdvanced Interior Design 1 Commercial Retail/Restaurant/Designers' Story
260 _bDamidi Publishing Co.,
260 _c2009
300 _a367 P.,
999 _c3151
_d3151